000 00448nam a22001577a 4500
005 20251110153350.0
008 251110b |||||||| |||| 00| 0 eng d
020 _a979-8-88715-086-4
100 _aCARTER, ROBIN
245 _aBIOCHEMISTRY AND BIOTECHNOLOGY: A LABORATORY MANUAL
260 _aDUBLIN
_bORYSON PRESS
_c2023
300 _aVI, 287P.
500 _aINCLUDES INDEX
650 _a1, BIOTECHNOLOGY -LABORATORY MANUAL
942 _2lcc
_cBK
999 _c216156
_d216156